Transmission lines for communications (Record no. 81412)

MARC details
000 -LEADER
fixed length control field 00896nam a2200193 a 4500
008 - FIXED-LENGTH DATA ELEMENTS--GENERAL INFORMATION
fixed length control field 120416s1989 ||||||||||||||||| || u
020 ## - INTERNATIONAL STANDARD BOOK NUMBER
International Standard Book Number 0333473981
050 ## - LIBRARY OF CONGRESS CALL NUMBER
Classification number TK 5102.5 Dav
100 ## - MAIN ENTRY--PERSONAL NAME
Personal name Davidson, C. W
245 10 - TITLE STATEMENT
Title Transmission lines for communications
246 ## -
-- with CAD programs
250 ## - EDITION STATEMENT
Edition statement 2nd ed.
260 ## - PUBLICATION, DISTRIBUTION, ETC.
Place of publication, distribution, etc. London
Name of publisher, distributor, etc. Macmillan
Date of publication, distribution, etc. 1989
300 ## - PHYSICAL DESCRIPTION
Extent vii, 244p. : ill.
350 ## -
-- 0.00
995 ## -
-- MAIN LIBRARY OPEN ACCESS
-- 0.00
-- 017371
-- CBU-MAIN LIBRARY (Kitwe)
-- 2
-- 25.00
-- TK 5102.5 Dav
-- 721108
-- AVAILABLE
-- 017371
-- Main Library Open Access Collection
995 ## -
-- MAIN LIBRARY OPEN ACCESS
-- 0.00
-- 722282
-- CBU-MAIN LIBRARY (Kitwe)
-- 1
-- 25.00
-- TK 5102.5 Dav
-- AVAILABLE
-- 017372
-- Main Library Open Access Collection
995 ## -
-- ANNEX COLLECTION (Main Library)
-- 0.00
-- 722281
-- CBU-MAIN LIBRARY (Kitwe)
-- 3
-- 25.00
-- TK 5102.5 Dav
-- AVAILABLE
-- 017370
-- Annex Low-Usage Collection
999 ## -
-- 81412
-- 81412
Holdings
Withdrawn status Lost status Source of classification or shelving scheme Damaged status Not for loan Permanent Location Current Location Shelving location Date acquired Total Checkouts Full call number Barcode Date last seen Copy number Price effective from Koha item type
          CBU-MAIN LIBRARY, KITWE. CBU-MAIN LIBRARY, KITWE.   08/18/2023   TK 5102.5 Dav 017371 08/18/2023 1 08/18/2023 MONOGRAPH
          CBU-MAIN LIBRARY, KITWE. CBU-MAIN LIBRARY, KITWE.   08/18/2023   TK 5102.5 Dav 017372 08/18/2023 2 08/18/2023 MONOGRAPH
          CBU-MAIN LIBRARY, KITWE. CBU-MAIN LIBRARY, KITWE.   08/18/2023   TK 5102.5 Dav 017370 08/18/2023 3 08/18/2023 MONOGRAPH